[Event "2nd Welsh Seniors Invitational sponsored"]
[Site "Park Inn by Radisson Cardiff N"]
[Date "2016.09.17"]
[Round "1.1"]
[White "Zavanelli, Max"]
[Black "Waterfield, John W"]
[Result "1/2-1/2"]
[WhiteElo "1897"]
[BlackElo "1958"]
[PlyCount "108"]
[EventDate "2016.09.17"]
[EventRounds "9"]
[EventCountry "WLS"]

1. e4 c5 2. Nf3 d6 3. c3 Nf6 4. Be2 Nbd7 5. Qc2 Qc7 6. d4 cxd4 7. O-O g6 8. Bg5
Bg7 9. Nxd4 O-O 10. Nd2 b6 11. f4 Bb7 12. Bf3 Rac8 13. Kh1 a6 14. Qd1 e5 15.
fxe5 Nxe5 16. Qe2 Rfe8 17. Rae1 Qd7 18. h3 b5 19. Nc2 Nxf3 20. Qxf3 Nxe4 21.
Nxe4 f5 22. Qd1 Rxe4 23. Rxe4 Bxe4 24. Nd4 Qf7 25. a4 Qd5 26. Nf3 Qxd1 27. Rxd1
d5 28. axb5 axb5 29. Ra1 Bxf3 30. gxf3 d4 31. cxd4 Bxd4 32. Ra5 Rb8 33. b3 Kf7
34. Bf4 Rb7 35. Kg2 Ke6 36. Kf1 Kd5 37. Ke2 Kc5 38. Bd2 Re7+ 39. Kd3 Rd7 40.
Ke2 Kc6 41. Ra6+ Kd5 42. Ra5 Kc5 43. Ra6 Bb2 44. Ra8 Kd4 45. Re8 Ba3 46. Rc8
Bd6 47. Be3+ Ke5 48. Rc6 Rc7 49. Rb6 b4 50. Rb5+ Ke6 51. Bd2 Rc2 52. Rb6 Kd5
53. Kd1 Rb2 54. Bxb4 Bxb4 1/2-1/2

[Event "2nd Welsh Seniors Invitational sponsored"]
[Site "Park Inn by Radisson Cardiff N"]
[Date "2016.09.17"]
[Round "1.2"]
[White "Taylor, Robert Graham"]
[Black "James, Dai"]
[Result "1-0"]
[WhiteElo "1943"]
[BlackElo "1893"]
[PlyCount "73"]
[EventDate "2016.09.17"]
[EventRounds "9"]
[EventCountry "WLS"]

1. c4 f5 2. Nc3 Nf6 3. d3 e5 4. e3 g6 5. Be2 Bg7 6. h4 h6 7. Bd2 d6 8. Qb3 c6
9. O-O-O Qe7 10. Nh3 Na6 11. f4 Be6 12. Qa3 Nc5 13. Nf2 Bf7 14. Na4 Nxa4 15.
Qxa4 O-O 16. Rhe1 b5 17. Qc2 a5 18. e4 fxe4 19. dxe4 Nd7 20. g3 bxc4 21. Bxc4
d5 22. Bb3 Nc5 23. Ba4 Nxa4 24. Qxa4 d4 25. Nd3 c5 26. Nxe5 Bxe5 27. fxe5 Qxe5
28. Bxh6 Rfc8 29. Bf4 Qe6 30. Kb1 Qb6 31. Qa3 c4 32. Bc1 c3 33. Ka1 Qb5 34.
Rxd4 cxb2+ 35. Qxb2 Qc5 36. Bh6 Kh7 37. Rc4 1-0

[Event "2nd Welsh Seniors Invitational sponsored"]
[Site "Park Inn by Radisson Cardiff N"]
[Date "2016.09.17"]
[Round "1.3"]
[White "Wagner, Guy"]
[Black "Hewitt, William"]
[Result "0-1"]
[WhiteElo "1829"]
[BlackElo "2024"]
[PlyCount "98"]
[EventDate "2016.09.17"]
[EventRounds "9"]
[EventCountry "WLS"]

1. f4 d5 2. Nf3 g6 3. g3 Bg7 4. Bg2 c5 5. O-O Nc6 6. d3 Nf6 7. c3 O-O 8. Na3
Re8 9. Nh4 e5 10. f5 a6 11. Bg5 Qd6 12. e4 d4 13. Nc4 Qd8 14. Qf3 Rf8 15. a4 b6
16. Qd1 Rb8 17. Qb3 Kh8 18. Rad1 b5 19. axb5 axb5 20. Nd2 h6 21. Bxf6 Bxf6 22.
fxg6 Be6 23. g7+ Bxg7 24. Qa3 Qb6 25. Ra1 dxc3 26. Qxc3 c4+ 27. Kh1 b4 28. Qc1
cxd3 29. Nf5 Nd4 30. Qd1 Kh7 31. Qh5 Rb7 32. Nxh6 f6 33. Ng4+ Kg8 34. Qg6 Bxg4
35. Qxg4 Nc2 36. Nc4 Qd4 37. Qe6+ Rbf7 38. Ra7 d2 39. Rxf7 Rxf7 40. Nxd2 Qxd2
41. Qe8+ Bf8 42. Bf3 Qd7 43. Qa8 Qd3 44. Rf2 Kg7 45. Bh5 Bc5 46. Rf3 Qd1+ 47.
Kg2 Ne1+ 48. Kh3 Nxf3 49. Qe8 Qd7+ 0-1

[Event "2nd Welsh Seniors Invitational sponsored"]
[Site "Park Inn by Radisson Cardiff N"]
[Date "2016.09.17"]
[Round "1.4"]
[White "Heaven, Peter"]
[Black "Van Kemenade, Rudy"]
[Result "1-0"]
[WhiteElo "2015"]
[BlackElo "2004"]
[PlyCount "51"]
[EventDate "2016.09.17"]
[EventRounds "9"]
[EventCountry "WLS"]

1. e4 d6 2. d4 Nf6 3. Nc3 c6 4. a4 Qc7 5. Nf3 e5 6. h3 Nbd7 7. Bc4 h6 8. O-O
Be7 9. Nh4 g6 10. dxe5 dxe5 11. Be3 Nf8 12. f4 exf4 13. Bxf4 Qb6+ 14. Kh1 Be6
15. Bxe6 fxe6 16. Be5 Nh5 17. Rxf8+ Rxf8 18. Nxg6 Ng3+ 19. Bxg3 Rg8 20. Qh5 Qc5
21. Ne5+ Kd8 22. Qd1+ Ke8 23. Qd7+ Kf8 24. Qxe6 Rg7 25. Rf1+ Ke8 26. Qd7# 1-0

[Event "2nd Welsh Seniors Invitational sponsored"]
[Site "Park Inn by Radisson Cardiff N"]
[Date "2016.09.17"]
[Round "1.5"]
[White "Stuart, Neil"]
[Black "Turner, Joseph David"]
[Result "0-1"]
[WhiteElo "1900"]
[BlackElo "1956"]
[PlyCount "94"]
[EventDate "2016.09.17"]
[EventRounds "9"]
[EventCountry "WLS"]

1. d4 Nf6 2. Nf3 g6 3. c4 Bg7 4. Nc3 O-O 5. e4 d6 6. Be2 Nc6 7. O-O e5 8. Be3
Ng4 9. Bg5 f6 10. Bh4 h5 11. h3 Nh6 12. dxe5 dxe5 13. Qxd8 Nxd8 14. Nd5 Ne6 15.
Rac1 c6 16. Ne7+ Kh7 17. Nxc8 Nf4 18. Rfe1 Raxc8 19. Bf1 g5 20. Bg3 Ng6 21.
Rcd1 h4 22. Bh2 Rc7 23. Rd2 g4 24. hxg4 Nxg4 25. Red1 Bh6 26. Rd7+ Rf7 27. Rxc7
Rxc7 28. g3 Rg7 29. Bh3 Nxh2 30. Kxh2 hxg3+ 31. fxg3 Rc7 32. Rd7+ Rxd7 33. Bxd7
Bc1 34. Bc8 b6 35. Bb7 Ne7 36. b4 Ba3 37. b5 c5 38. Kh3 Kg6 39. Kg4 Kf7 40. Kh5
Ke6 41. g4 Bc1 42. g5 Kf7 43. Kg4 Bf4 44. Kh5 f5 45. exf5 Nxf5 46. Bd5+ Kg7 47.
Be4 Ng3+ 0-1

[Event "2nd Welsh Seniors Invitational sponsored"]
[Site "Park Inn by Radisson Cardiff N"]
[Date "2016.09.18"]
[Round "2.1"]
[White "Waterfield, John W"]
[Black "Turner, Joseph David"]
[Result "1/2-1/2"]
[WhiteElo "1958"]
[BlackElo "1956"]
[PlyCount "67"]
[EventDate "2016.09.17"]
[EventRounds "9"]
[EventCountry "WLS"]

1. e4 Nc6 2. Nf3 f5 3. exf5 d5 4. d4 Bxf5 5. Bb5 e6 6. Ne5 Nge7 7. c3 a6 8.
Bxc6+ Nxc6 9. Nxc6 bxc6 10. Bf4 Rb8 11. b4 Be7 12. O-O O-O 13. Bg3 Bd6 14. Qe2
a5 15. a3 Qf6 16. Nd2 Qg6 17. Rfe1 Rbe8 18. Qe3 axb4 19. cxb4 Bg4 20. Rac1 Bxg3
21. Qxg3 Qh6 22. Nb3 Rf4 23. Rxc6 Ref8 24. h3 Bf5 25. Rxc7 Be4 26. Nc5 Rxf2 27.
Nxe4 dxe4 28. Rxe4 Qf6 29. Qe5 Rxg2+ 30. Kxg2 Qf2+ 31. Kh1 Qf1+ 32. Kh2 Qf2+
33. Kh1 Qf1+ 34. Kh2 1/2-1/2

[Event "2nd Welsh Seniors Invitational sponsored"]
[Site "Park Inn by Radisson Cardiff N"]
[Date "2016.09.18"]
[Round "2.2"]
[White "Van Kemenade, Rudy"]
[Black "Stuart, Neil"]
[Result "1-0"]
[WhiteElo "2004"]
[BlackElo "1900"]
[PlyCount "189"]
[EventDate "2016.09.17"]
[EventRounds "9"]
[EventCountry "WLS"]

1. e4 c5 2. Nf3 e6 3. d3 Nc6 4. g3 Nge7 5. Bg2 Ng6 6. O-O Be7 7. h4 Nge5 8. Nh2
d6 9. c3 c4 10. dxc4 Nxc4 11. Qe2 N4e5 12. Rd1 Qc7 13. f4 Nd7 14. Be3 Nf6 15.
c4 Bd7 16. Nc3 Rd8 17. Rac1 O-O 18. Qf2 Qa5 19. b3 h5 20. Bf3 g6 21. Nb5 d5 22.
e5 Ne8 23. Nxa7 Nxa7 24. Bxa7 Ra8 25. Bb6 Qxa2 26. Qxa2 Rxa2 27. cxd5 exd5 28.
Bxd5 Bf5 29. Bxb7 Bc2 30. Rd2 Bxb3 31. Rxa2 Bxa2 32. Rc8 Ng7 33. Nf3 Rxc8 34.
Bxc8 Nf5 35. Bxf5 gxf5 36. Nd4 Bb1 37. Kf2 Kf8 38. Nc6 Ba3 39. Bc7 Ke8 40. Bd6
Bb2 41. Ne7 f6 42. Nd5 Kf7 43. Nxf6 Bd4+ 44. Kf3 Kg6 45. Bb4 Bd3 46. Bd2 Bb6
47. Be3 Bd8 48. Ne8 Kf7 49. Nd6+ Ke6 50. Ba7 Be7 51. Ke3 Bf1 52. Ne8 Kf7 53.
Nc7 Bg2 54. Kd4 Bd8 55. Nb5 Ba5 56. Kc5 Be1 57. Kd6 Bxg3 58. e6+ Kg8 59. Be3
Bxh4 60. Kd7 Bf6 61. Nd6 Bd5 62. e7 Bxe7 63. Kxe7 h4 64. Nxf5 h3 65. Bg1 Kh7
66. Kf6 Be4 67. Bh2 Bf3 68. Ng3 Kh6 69. Ke5 Bb7 70. f5 Bc8 71. Ne4 Kg7 72. Ng5
Bxf5 73. Kxf5 Kh6 74. Nxh3 Kg7 75. Ng5 Kf8 76. Ke6 Kg7 77. Ne4 Kg6 78. Bg3 Kh5
79. Kf5 Kh6 80. Nf6 Kg7 81. Bf4 Kf7 82. Nd5 Ke8 83. Ke6 Kd8 84. Ne7 Ke8 85. Bc7
Kf8 86. Nf5 Kg8 87. Kf6 Kf8 88. Ng7 Kg8 89. Bd6 Kh7 90. Nf5 Kg8 91. Kg6 Kh8 92.
Bf8 Kg8 93. Bh6 Kh8 94. Bg7+ Kg8 95. Nh6# 1-0

[Event "2nd Welsh Seniors Invitational sponsored"]
[Site "Park Inn by Radisson Cardiff N"]
[Date "2016.09.18"]
[Round "2.3"]
[White "Hewitt, William"]
[Black "Heaven, Peter"]
[Result "1/2-1/2"]
[WhiteElo "2024"]
[BlackElo "2015"]
[PlyCount "87"]
[EventDate "2016.09.17"]
[EventRounds "9"]
[EventCountry "WLS"]

1. e4 e6 2. d4 d5 3. Nc3 Nf6 4. e5 Nfd7 5. f4 c5 6. Nf3 Nc6 7. Be3 a6 8. Qd2 b5
9. dxc5 Bxc5 10. Bxc5 Nxc5 11. Qf2 Qe7 12. Bd3 Nxd3+ 13. cxd3 Qa7 14. Qxa7 Rxa7
15. Kd2 O-O 16. Rac1 Bd7 17. Ne2 f6 18. Rhf1 Raa8 19. Ned4 Nxd4 20. Nxd4 fxe5
21. fxe5 Rf7 22. Rxf7 Kxf7 23. Rc7 Ke8 24. Rb7 Kd8 25. Rb6 Ke7 26. Ke2 g5 27.
a3 h5 28. b4 a5 29. bxa5 Rxa5 30. Rxe6+ Kd8 31. Nc6+ Bxc6 32. Rxc6 Rxa3 33.
Rd6+ Ke7 34. Rxd5 b4 35. Rb5 Ke6 36. Rxb4 Kxe5 37. Rb5+ Kf4 38. Rb4+ Ke5 39. h3
Ra2+ 40. Kf3 Rd2 41. Rb5+ Kf6 42. Rd5 Kg6 43. Rd6+ Kf5 44. Rd5+ 1/2-1/2

[Event "2nd Welsh Seniors Invitational sponsored"]
[Site "Park Inn by Radisson Cardiff N"]
[Date "2016.09.18"]
[Round "2.4"]
[White "James, Dai"]
[Black "Wagner, Guy"]
[Result "1/2-1/2"]
[WhiteElo "1893"]
[BlackElo "1829"]
[PlyCount "59"]
[EventDate "2016.09.17"]
[EventRounds "9"]
[EventCountry "WLS"]

1. f4 d5 2. Nf3 Bg4 3. e3 Nd7 4. Be2 Bxf3 5. Bxf3 e5 6. fxe5 Nxe5 7. O-O Nf6 8.
d3 Bc5 9. Be2 Bb6 10. d4 Ng6 11. c4 dxc4 12. Bxc4 O-O 13. Nc3 c6 14. Kh1 Qd6
15. Qf3 a5 16. Ne4 Nxe4 17. Qxe4 Bc7 18. g3 b5 19. Be2 Rae8 20. Qg2 b4 21. Bc4
c5 22. dxc5 Qxc5 23. Bd5 Ne5 24. e4 Bb6 25. Qe2 Nc6 26. Bf4 Qxd5 27. exd5 Rxe2
28. dxc6 Rc2 29. Rac1 Rxc1 30. Rxc1 1/2-1/2

[Event "2nd Welsh Seniors Invitational sponsored"]
[Site "Park Inn by Radisson Cardiff N"]
[Date "2016.09.18"]
[Round "2.5"]
[White "Zavanelli, Max"]
[Black "Taylor, Robert Graham"]
[Result "0-1"]
[WhiteElo "1897"]
[BlackElo "1943"]
[PlyCount "144"]
[EventDate "2016.09.17"]
[EventRounds "9"]
[EventCountry "WLS"]

1. e4 Nc6 2. Bc4 Nf6 3. Nc3 d6 4. d4 g6 5. Nf3 Bg7 6. d5 Nb8 7. Be3 Nbd7 8. Qd2
Ng4 9. Bf4 a6 10. h4 h5 11. Ng5 b5 12. Be2 Nb6 13. f3 Ne5 14. Bxe5 Bxe5 15. f4
Bg7 16. O-O O-O 17. Rae1 Nd7 18. f5 Bh6 19. fxg6 fxg6 20. Rxf8+ Qxf8 21. Rf1
Qg7 22. Nd1 Qe5 23. Qe3 Nf6 24. Qf4 Qxf4 25. Rxf4 Bxg5 26. hxg5 Nh7 27. c4 bxc4
28. Bxc4 Nxg5 29. Nc3 Kg7 30. Ne2 e5 31. Rh4 Bg4 32. Nc3 Rb8 33. b3 a5 34. Kf2
a4 35. Ke3 axb3 36. axb3 Bd7 37. Rh1 Ra8 38. Rb1 Nh7 39. b4 Ra3 40. Kd2 Nf6 41.
Bd3 g5 42. b5 Ra7 43. b6 cxb6 44. Rxb6 Ne8 45. Ke3 h4 46. Bb5 Kf6 47. Bc6 g4
48. Kf2 Ke7 49. Rb7 Rxb7 50. Bxb7 Nf6 51. Ba6 Be8 52. Bf1 Nh5 53. Be2 Bd7 54.
Kg1 Kf6 55. Bd1 Kg5 56. Ne2 Nf4 57. Nc3 Nd3 58. Be2 Nc5 59. Bd1 Kf4 60. g3+
hxg3 61. Ne2+ Kxe4 62. Nxg3+ Kxd5 63. Nh5 Kd4 64. Nf6 Bf5 65. Nxg4 Bxg4 66.
Bxg4 Ke3 67. Kf1 d5 68. Bf5 d4 69. Ke1 d3 70. Kd1 Ne4 71. Kc1 d2+ 72. Kc2 Nf2
0-1

[Event "2nd Welsh Seniors Invitational sponsored"]
[Site "Park Inn by Radisson Cardiff N"]
[Date "2016.09.19"]
[Round "3.1"]
[White "Taylor, Robert Graham"]
[Black "Waterfield, John W"]
[Result "1/2-1/2"]
[WhiteElo "1943"]
[BlackElo "1958"]
[PlyCount "94"]
[EventDate "2016.09.17"]
[EventRounds "9"]
[EventCountry "WLS"]

1. c4 g6 2. g3 Bg7 3. Bg2 Nf6 4. Nf3 O-O 5. O-O d6 6. Nc3 e5 7. d3 h6 8. Rb1
Re8 9. e4 Be6 10. h3 a5 11. Be3 Na6 12. Nd2 Nh5 13. Kh2 Nc5 14. Qe2 c6 15. Bf3
Nf6 16. Rfd1 Nfd7 17. Nf1 f5 18. Bg2 Bf7 19. b3 Ne6 20. Qe1 f4 21. Bc1 g5 22.
Ne2 Qf6 23. gxf4 gxf4 24. f3 Kh7 25. Qf2 Rg8 26. Ba3 Bf8 27. d4 Nxd4 28. Nxd4
exd4 29. Qxd4 Qg6 30. Qf2 Ne5 31. Bc1 Qg5 32. Rb2 Bh5 33. h4 Qf6 34. Re2 Rd8
35. Bb2 Be7 36. Red2 Rxg2+ 37. Kxg2 Bxf3+ 38. Qxf3 Rg8+ 39. Ng3 Nxf3 40. Bxf6
Rxg3+ 41. Kf2 Nxd2 42. Bxe7 Nxe4+ 43. Kf1 Rg6 44. Bd8 Nc3 45. Rd4 a4 46. Rxf4
axb3 47. axb3 d5 1/2-1/2

[Event "2nd Welsh Seniors Invitational sponsored"]
[Site "Park Inn by Radisson Cardiff N"]
[Date "2016.09.19"]
[Round "3.2"]
[White "Wagner, Guy"]
[Black "Zavanelli, Max"]
[Result "0-1"]
[WhiteElo "1829"]
[BlackElo "1897"]
[PlyCount "76"]
[EventDate "2016.09.17"]
[EventRounds "9"]
[EventCountry "WLS"]

1. f4 Nc6 2. Nf3 Nf6 3. d4 d5 4. e3 Bf5 5. a3 e6 6. c4 dxc4 7. Bxc4 a6 8. Nc3
Be7 9. O-O O-O 10. Bd2 b5 11. Be2 b4 12. axb4 Nxb4 13. Na4 Nfd5 14. Rc1 a5 15.
Nc5 Na2 16. Rc4 Nb6 17. Nb7 Qb8 18. Nxa5 Nxc4 19. Nc6 Qe8 20. Nxe7+ Qxe7 21.
Bxc4 Rfb8 22. b3 Nb4 23. Ne5 Qd6 24. Qf3 Ra2 25. Bc3 Nd5 26. Be1 f6 27. e4 fxe5
28. fxe5 Qb6 29. exd5 Qxd4+ 30. Kh1 Qxe5 31. Bg3 Qe4 32. h3 Qxf3 33. gxf3 Bxh3
34. Re1 Bg2+ 35. Kg1 Bxf3 36. dxe6 Rg2+ 37. Kf1 Rf8 38. e7+ Bd5+ 0-1

[Event "2nd Welsh Seniors Invitational sponsored"]
[Site "Park Inn by Radisson Cardiff N"]
[Date "2016.09.19"]
[Round "3.3"]
[White "Heaven, Peter"]
[Black "James, Dai"]
[Result "1/2-1/2"]
[WhiteElo "2015"]
[BlackElo "1893"]
[PlyCount "39"]
[EventDate "2016.09.17"]
[EventRounds "9"]
[EventCountry "WLS"]

1. e4 e6 2. d4 d5 3. Nc3 dxe4 4. Nxe4 Nd7 5. Nf3 Ngf6 6. Bd3 Nxe4 7. Bxe4 Nf6
8. Bg5 Be7 9. Bxf6 Bxf6 10. Qd3 h6 11. O-O-O c6 12. h4 Qa5 13. Kb1 Bd7 14. Ne5
Bxe5 15. dxe5 O-O-O 16. f4 f5 17. Bf3 Be8 18. Qe3 Bf7 19. a3 Qb6 20. Qxb6
1/2-1/2

[Event "2nd Welsh Seniors Invitational sponsored"]
[Site "Park Inn by Radisson Cardiff N"]
[Date "2016.09.19"]
[Round "3.4"]
[White "Stuart, Neil"]
[Black "Hewitt, William"]
[Result "0-1"]
[WhiteElo "1900"]
[BlackElo "2024"]
[PlyCount "79"]
[EventDate "2016.09.17"]
[EventRounds "9"]
[EventCountry "WLS"]

1. d4 Nf6 2. c4 g6 3. Nc3 d5 4. Nf3 Bg7 5. Bg5 Ne4 6. cxd5 Nxg5 7. Nxg5 c6 8.
e3 e6 9. Nf3 exd5 10. Bd3 O-O 11. O-O Re8 12. b4 a5 13. a3 b5 14. Qc2 axb4 15.
axb4 Rxa1 16. Rxa1 Qb6 17. Ra5 Na6 18. Qb3 Bf8 19. Nxd5 cxd5 20. Rxb5 Qc7 21.
Ne5 Nxb4 22. Rxb4 Bxb4 23. Qxb4 Qc1+ 24. Bf1 Ba6 25. h3 Qxf1+ 26. Kh2 Qb5 27.
Qd6 Re6 28. Qd8+ Qe8 29. Qa5 Bb7 30. Nd3 Qc6 31. Qd8+ Kg7 32. Qg5 f6 33. Qg3
Re7 34. Qf3 Qd6+ 35. g3 Bc8 36. h4 Qe6 37. Nf4 Qe4 38. Qd1 Rc7 39. Qd2 Rc2 40.
Qe1 0-1

[Event "2nd Welsh Seniors Invitational sponsored"]
[Site "Park Inn by Radisson Cardiff N"]
[Date "2016.09.19"]
[Round "3.5"]
[White "Turner, Joseph David"]
[Black "Van Kemenade, Rudy"]
[Result "0-1"]
[WhiteElo "1956"]
[BlackElo "2004"]
[PlyCount "104"]
[EventDate "2016.09.17"]
[EventRounds "9"]
[EventCountry "WLS"]

1. e4 d6 2. d4 Nf6 3. Nc3 e5 4. Bg5 Nbd7 5. Nf3 c6 6. Bc4 h6 7. Bh4 Be7 8. Qe2
Qc7 9. O-O-O b5 10. dxe5 dxe5 11. Bxf6 Nxf6 12. Bxb5 cxb5 13. Qxb5+ Bd7 14.
Qxe5 Qxe5 15. Nxe5 Be6 16. Nb5 O-O 17. Nc7 Bxa2 18. Nxa8 Nxe4 19. f4 Rxa8 20.
Rhe1 f5 21. Rd7 Bb4 22. c3 Bc5 23. Nd3 Bb6 24. g4 Nf6 25. Rde7 Nxg4 26. h3 Nf6
27. Kc2 Bd5 28. Nb4 Be4+ 29. Kc1 a5 30. Nc2 Nd5 31. Re5 Nxf4 32. R1xe4 fxe4 33.
Rxe4 Nxh3 34. Re6 Bc5 35. Ne1 Kf7 36. Rc6 Be3+ 37. Kc2 Nf4 38. Nf3 Ng6 39. Rc7+
Kf6 40. Kd3 Bf4 41. Rc6+ Kf7 42. Rc5 Ra7 43. Rf5+ Kg8 44. Nd4 Ra6 45. Kc4 Bc7
46. Rc5 Be5 47. Nc6 Bd6 48. Kb5 Bxc5 49. Kxa6 h5 50. Kxa5 h4 51. b4 h3 52. bxc5
h2 0-1

[Event "2nd Welsh Seniors Invitational sponsored"]
[Site "Park Inn by Radisson Cardiff N"]
[Date "2016.09.20"]
[Round "4.1"]
[White "Waterfield, John W"]
[Black "Van Kemenade, Rudy"]
[Result "1-0"]
[WhiteElo "1958"]
[BlackElo "2004"]
[PlyCount "27"]
[EventDate "2016.09.17"]
[EventRounds "9"]
[EventCountry "WLS"]

1. e4 d6 2. d4 Nf6 3. Nc3 e5 4. f4 Bg4 5. Nf3 Bxf3 6. gxf3 exd4 7. Qxd4 Be7 8.
Be3 Nc6 9. Qd2 a6 10. O-O-O b5 11. Rg1 g6 12. Nd5 Nxd5 13. Qxd5 Na7 14. Bxa7
1-0

[Event "2nd Welsh Seniors Invitational sponsored"]
[Site "Park Inn by Radisson Cardiff N"]
[Date "2016.09.20"]
[Round "4.2"]
[White "Hewitt, William"]
[Black "Turner, Joseph David"]
[Result "1-0"]
[WhiteElo "2024"]
[BlackElo "1956"]
[PlyCount "75"]
[EventDate "2016.09.17"]
[EventRounds "9"]
[EventCountry "WLS"]

1. e4 Nc6 2. Nf3 f5 3. exf5 d5 4. Bb5 Bxf5 5. Ne5 Qd6 6. d4 a6 7. Bxc6+ bxc6 8.
O-O g6 9. Bf4 h5 10. Nd3 Qd8 11. Re1 Bh6 12. Be5 Rh7 13. Nc5 Bg7 14. Nd2 Bxe5
15. Rxe5 Nh6 16. Nf3 Nf7 17. Re1 Qd6 18. Qe2 a5 19. a4 Rb8 20. b3 Nd8 21. Ng5
Rg7 22. Qd2 Qf6 23. Qf4 Rc8 24. Re2 Nf7 25. Nce6 Rg8 26. Nxc7+ Rxc7 27. Nxf7
Rd7 28. Ng5 c5 29. Rae1 Rg7 30. dxc5 e6 31. Rxe6+ Rge7 32. Qb8+ Rd8 33. Rxe7+
Qxe7 34. Rxe7+ Kxe7 35. Qe5+ Kd7 36. Nf7 Rc8 37. Qxd5+ Ke7 38. Nd6 1-0

[Event "2nd Welsh Seniors Invitational sponsored"]
[Site "Park Inn by Radisson Cardiff N"]
[Date "2016.09.20"]
[Round "4.3"]
[White "James, Dai"]
[Black "Stuart, Neil"]
[Result "1-0"]
[WhiteElo "1893"]
[BlackElo "1900"]
[PlyCount "69"]
[EventDate "2016.09.17"]
[EventRounds "9"]
[EventCountry "WLS"]

1. f4 d5 2. Nf3 Nf6 3. g3 c6 4. Bg2 Bf5 5. O-O h6 6. d3 e6 7. Qe1 Nbd7 8. Nbd2
Be7 9. e4 dxe4 10. dxe4 Bh7 11. h3 Qc7 12. c4 Nc5 13. Ne5 O-O 14. b4 Ncd7 15.
Nd3 a5 16. Qe3 axb4 17. Bb2 Qb6 18. Bd4 c5 19. Bb2 Nb8 20. e5 Nfd7 21. g4 Nc6
22. f5 Bg5 23. Qf2 Nd4 24. Ne4 exf5 25. Nxg5 hxg5 26. Bxd4 cxd4 27. gxf5 Ra3
28. Be4 b3 29. axb3 Rxa1 30. Rxa1 Qxb3 31. Qxd4 Qb6 32. c5 Qc7 33. Ra7 Rb8 34.
c6 Bxf5 35. Bxf5 1-0

[Event "2nd Welsh Seniors Invitational sponsored"]
[Site "Park Inn by Radisson Cardiff N"]
[Date "2016.09.20"]
[Round "4.5"]
[White "Taylor, Robert Graham"]
[Black "Wagner, Guy"]
[Result "1-0"]
[WhiteElo "1943"]
[BlackElo "1829"]
[PlyCount "55"]
[EventDate "2016.09.17"]
[EventRounds "9"]
[EventCountry "WLS"]

1. Nf3 e6 2. c4 f5 3. Nc3 Nf6 4. b3 Be7 5. Bb2 O-O 6. Qc2 a5 7. h3 d6 8. d4 Nc6
9. a3 e5 10. dxe5 dxe5 11. Rd1 Nd4 12. Nxd4 exd4 13. Nb5 c5 14. e3 Re8 15. Be2
Ne4 16. O-O Bh4 17. exd4 Qg5 18. Bf3 Nxf2 19. Rxf2 f4 20. Nd6 Bxf2+ 21. Qxf2
Re3 22. Bc1 Rxb3 23. Bd5+ Kf8 24. Bxf4 Qf6 25. Ne4 Qg6 26. Bd6+ Ke8 27. Qf8+
Kd7 28. Nxc5# 1-0

[Event "2nd Welsh Seniors Invitational sponsored"]
[Site "Park Inn by Radisson Cardiff N"]
[Date "2016.09.21"]
[Round "5.1"]
[White "Wagner, Guy"]
[Black "Waterfield, John W"]
[Result "0-1"]
[WhiteElo "1829"]
[BlackElo "1958"]
[PlyCount "80"]
[EventDate "2016.09.17"]
[EventRounds "9"]
[EventCountry "WLS"]

1. f4 d5 2. Nf3 g6 3. g3 Bg7 4. Bg2 Nf6 5. O-O O-O 6. d3 c5 7. c3 Nc6 8. Na3
Re8 9. Nh4 h6 10. e4 dxe4 11. dxe4 Qxd1 12. Rxd1 Bg4 13. Rd3 Rad8 14. Rxd8 Rxd8
15. Be3 b6 16. h3 Bc8 17. e5 Nd5 18. Bf2 g5 19. Rd1 Be6 20. Nf5 Bxf5 21. Rxd5
Be6 22. Rxd8+ Nxd8 23. b4 cxb4 24. cxb4 Bxa2 25. Nb5 gxf4 26. gxf4 Ne6 27. Nxa7
Nxf4 28. Nc6 Nxg2 29. Nxe7+ Kf8 30. Nf5 Nf4 31. Bxb6 Nxh3+ 32. Kh2 Ng5 33. Bc5+
Kg8 34. Ne7+ Kh7 35. Bd6 Bxe5+ 36. Bxe5 Nf3+ 37. Kg3 Nxe5 38. b5 Bc4 39. b6 Nd7
40. b7 Ba6 0-1

[Event "2nd Welsh Seniors Invitational sponsored"]
[Site "Park Inn by Radisson Cardiff N"]
[Date "2016.09.21"]
[Round "5.2"]
[White "Heaven, Peter"]
[Black "Taylor, Robert Graham"]
[Result "1-0"]
[WhiteElo "2015"]
[BlackElo "1943"]
[PlyCount "49"]
[EventDate "2016.09.17"]
[EventRounds "9"]
[EventCountry "WLS"]

1. e4 c5 2. Nf3 e6 3. d4 cxd4 4. Nxd4 Nc6 5. Nc3 Qc7 6. f4 a6 7. Nxc6 Qxc6 8.
Bd3 d6 9. O-O Nf6 10. Qe2 Be7 11. e5 Nd7 12. exd6 Qxd6 13. Be3 Nc5 14. Ne4 Qc7
15. Nxc5 Bxc5 16. Bb5+ Bd7 17. Bxd7+ Kxd7 18. Rad1+ Ke7 19. f5 Rad8 20. Kh1 e5
21. f6+ gxf6 22. Qf2 Bxe3 23. Qxf6+ Ke8 24. Rxd8+ Qxd8 25. Qxf7# 1-0

[Event "2nd Welsh Seniors Invitational sponsored"]
[Site "Park Inn by Radisson Cardiff N"]
[Date "2016.09.21"]
[Round "5.3"]
[White "Stuart, Neil"]
[Black "Zavanelli, Max"]
[Result "1/2-1/2"]
[WhiteElo "1900"]
[BlackElo "1897"]
[PlyCount "54"]
[EventDate "2016.09.17"]
[EventRounds "9"]
[EventCountry "WLS"]

1. d4 Nc6 2. Nf3 d5 3. g3 Bf5 4. Bg2 e6 5. O-O Be7 6. c4 dxc4 7. Na3 h5 8. Nxc4
h4 9. Nce5 hxg3 10. fxg3 Be4 11. Qa4 Nf6 12. Bg5 O-O 13. Rac1 Bxf3 14. Nxf3 Nd5
15. Bxe7 Qxe7 16. e4 Ne3 17. Rfe1 Nxg2 18. Kxg2 Rac8 19. a3 a6 20. b4 Qd6 21.
Rcd1 f5 22. Qc2 fxe4 23. Qxe4 Rf6 24. d5 exd5 25. Qxd5+ Qxd5 26. Rxd5 Rcf8 27.
Re3 R6f7 1/2-1/2

[Event "2nd Welsh Seniors Invitational sponsored"]
[Site "Park Inn by Radisson Cardiff N"]
[Date "2016.09.21"]
[Round "5.4"]
[White "Turner, Joseph David"]
[Black "James, Dai"]
[Result "1-0"]
[WhiteElo "1956"]
[BlackElo "1893"]
[PlyCount "47"]
[EventDate "2016.09.17"]
[EventRounds "9"]
[EventCountry "WLS"]

1. e4 e6 2. Nc3 d5 3. Nf3 dxe4 4. Nxe4 Nd7 5. d4 Ngf6 6. Nxf6+ Nxf6 7. Bd3 c5
8. O-O Be7 9. c3 b6 10. Ne5 Bb7 11. dxc5 Bxc5 12. Bb5+ Ke7 13. Bc6 Qc8 14. Qf3
Bxc6 15. Nxc6+ Ke8 16. Rd1 Nd5 17. c4 Qxc6 18. cxd5 Qb7 19. Qg4 f6 20. b4 Bd6
21. dxe6 Qe7 22. Qh5+ Kf8 23. Rxd6 Qxd6 24. Qf7# 1-0

[Event "2nd Welsh Seniors Invitational sponsored"]
[Site "Park Inn by Radisson Cardiff N"]
[Date "2016.09.21"]
[Round "5.5"]
[White "Van Kemenade, Rudy"]
[Black "Hewitt, William"]
[Result "1/2-1/2"]
[WhiteElo "2004"]
[BlackElo "2024"]
[PlyCount "117"]
[EventDate "2016.09.17"]
[EventRounds "9"]
[EventCountry "WLS"]

1. f4 d5 2. Nf3 g6 3. g3 Bg7 4. Bg2 Nf6 5. d3 c5 6. O-O Nc6 7. Qe1 O-O 8. h3
Qc7 9. Na3 b6 10. c3 e6 11. g4 Ba6 12. Qh4 e5 13. f5 e4 14. Ne1 Rfe8 15. fxg6
fxg6 16. Rxf6 Bxf6 17. Qxf6 Rad8 18. Bh6 exd3 19. exd3 Bb7 20. Nec2 Qf7 21. Rf1
Qxf6 22. Rxf6 Ne5 23. Nb5 Nf7 24. Bd2 a6 25. Nba3 Re2 26. Be3 Rxg2+ 27. Kxg2
d4+ 28. Kf2 dxe3+ 29. Kxe3 Re8+ 30. Kd2 b5 31. Ne3 Ne5 32. d4 Nf3+ 33. Ke2 cxd4
34. cxd4 Nxd4+ 35. Kd3 Nc6 36. Nac2 Rd8+ 37. Kc3 Kg7 38. Rf4 Bc8 39. h4 h6 40.
a3 Ne5 41. Nd4 Rf8 42. Re4 Nf3 43. Ne6+ Bxe6 44. Rxe6 Rf6 45. Re7+ Rf7 46.
Rxf7+ Kxf7 47. h5 gxh5 48. gxh5 Kf6 49. Ng4+ Kg5 50. Nxh6 Kxh6 51. Kb4 Kxh5 52.
Ka5 Ne5 53. b3 Kg5 54. Kxa6 Nc4 55. a4 bxa4 56. bxa4 Nb2 57. a5 Nc4 58. Kb5
Nxa5 59. Kxa5 1/2-1/2